000 00634nam a2200169Ia 4500
008 090711s9999 xx 000 0 und d
082 _b15780
100 _aउद्यम प्रकाशन
245 _aकोंबडया पाळण्याSाा धंदा
260 _bउद्यम प्रकाशन
_c1956
300 _a83
600 _aउद्यम प्रकाशन
630 _aकोंबडया पाळण्याSाा धंदा
700 _aउद्यम प्रकाशन
730 _aकोंबडया पाळण्याSाा धंदा
942 _cBOOK
999 _c286367
_d286367